Botswana : the future of the minority languages (Record no. 118823)

MARC details
000 -LEADER
fixed length control field 00676nam a2200217Ia 4500
008 - FIXED-LENGTH DATA ELEMENTS--GENERAL INFORMATION
fixed length control field 191130s2000##################000#0#eng##
020 ## - INTERNATIONAL STANDARD BOOK NUMBER
ISBN 3631357311
082 ## - DEWEY DECIMAL CLASSIFICATION NUMBER
Classification number 496.08693096 BAT
100 ## - MAIN ENTRY--AUTHOR NAME
Personal name Batibo, Herman
245 ## - TITLE STATEMENT
Title Botswana : the future of the minority languages
Statement of responsibility, etc Herman Batibo and Birgit Smieja
260 ## - PUBLICATION, DISTRIBUTION, ETC. (IMPRINT)
Place of publication Bern
Name of publisher Peter Lang
Year of publication 2000
300 ## - PHYSICAL DESCRIPTION
Number of Pages xxiii, 292 p. : ill., maps ; 21 cm
650 ## - SUBJECT ADDED ENTRY--TOPICAL TERM
Topical Term Botswana -- Languages
Topical Term Languages in contact -- Botswana
Topical Term Linguistic minorities -- Botswana
700 ## - ADDED ENTRY--PERSONAL NAME
Personal name Smieja, Birgit
991 ## -
-- 417980
Holdings
Withdrawn status Lost status Damaged status Not for loan Home library Current library Date acquired Full call number Accession Number Price effective from Koha item type
        Anna Centenary Library Anna Centenary Library 12.10.2020 496.08693096 BAT 220993 12.10.2020 English Books

Find us on the map